000
00223nam a22000857a 4500
008
160711b xxu||||| |||| 00| 0 eng d
100
_9
2601
_a
Prakash, V
245
_a
Confident
260
_a
New Delhi
_b
Dreamland Publications
_c
2004
999
_c
2258
_d
2258